Programa d'activitats pedagògiques al Port de Barcelona 2002-2003
Descripción Física:
28 p. ; 24 cm
Otros Autores:
Museu Marítim (Barcelona)
MARC
| LEADER | 00000nam a2200000Ia 4500 | ||
|---|---|---|---|
| 001 | 15159 | ||
| 008 | 160829s9999 xx 000 0 cat d | ||
| 080 | |a FU-35-1 | ||
| 110 | 2 | |a Port de Barcelona |9 51934 | |
| 245 | |a Programa d'activitats pedagògiques al Port de Barcelona 2002-2003 | ||
| 260 | |a Barcelona : |b Museu Marítim [etc.], DL 2002 | ||
| 300 | |a 28 p. ; |c 24 cm | ||
| 590 | |a Activitats escolars ofertes per: Museu Marítim de Barcelona, EcoMediterrània, Consorci El Far i Las Golondrinas | ||
| 650 | |a Port de Barcelona |x Activitats culturals |9 25287 | ||
| 650 | |a Activitats extraescolars |x Barcelona |9 25288 | ||
| 700 | |a Museu Marítim (Barcelona) | ||
| 901 | |a Arxiu | ||
| 942 | |n 1 | ||
| 952 | |0 0 |1 0 |4 0 |6 FU351 |7 1 |9 43536 |a Arxiu |b Arxiu |d 2016-12-01 |l 0 |o FU-35-1 |p 15159 |r 2016-12-01 00:00:00 |w 2016-12-01 |y ARXIU | ||
| 999 | |c 46082 |d 46082 | ||